000 00531nam a2200181Ia 4500
005 20250508162020.0
008 008 250505s9999 xx 000 0 eng d
037 _aTextual
040 _aFEDL
_beng
_cFEDL
041 _aeng
_2eng
084 _a371.394, NUS
_qFEDL
100 _aNussel Edward J
_9772059
245 0 _aTeacher and individually guided education
260 _aReading
_bAddison-Wesley Publishing Company
_c1976
300 _axiii,322p.
942 _cTEXL
_h371.394, NUS
999 _c1373839
_d1373839